000 00493nam a2200169 a 4500
001 000031494
005 20200930062953.0
008 110627q1916 dr 000 p spa d
040 _aDO-SdBNP
_bspa
_cBNPHU
100 1 _aMachado, Antonio,
_d1875-1939
_924735
245 1 0 _aProsas escojidas /
_cA. Machado.
260 _aLa Vega, República Dominicana :
_bTipografía El Día,
_c[1916].
300 _a66 p. ;
_c16 cm.
490 1 _aNacional
_v3
830 0 _aNacional;
_n3
_957880
049 _aBNPD
999 _c30986
_d30986